Independence and Accountability of Indian Judiciary

Detalles Bibliográficos
Autor principal: Saigal, Vijay
Formato: eBook
Lenguaje:inglés
Publicado: Nueva Delhi: Lambert Academic Publishing, 2019
Materias:
Acceso en línea:Acceso restringido

MARC

LEADER 00000nam a22000007a 4500
005 20190919004950.0
007 cr|||| ||||
008 190919s2019 in |||||s|||| 00||0 eng d
020 |a 9786202012881 
035 |a 29459 
040 |a vLex 
090 |c 9580  |d 9580 
100 1 |a Saigal, Vijay 
245 1 0 |a Independence and Accountability of Indian Judiciary  |h [Recurso electrn̤ico] /  |c Vijay Saigal 
256 |a Servicio en ln̕ea 
260 |a Nueva Delhi:  |b Lambert Academic Publishing,  |c 2019 
300 |a 1 recurso electrn̤ico 
500 |a An independent, impartial and informed Judiciary holds a key in the realization of just, honest, open and accountable government. Judicial independence is a sine qua non to act impartially, to make just decisions without any fear or favor. The independence of the Judiciary is founded on public confidence and public trust. Without that confidence and trust, its functioning cannot command respect. It is thus important that Judiciary should be perceived to be independent and impartial. 
506 1 |a Disponible solo en los productos indicados  |d vLex Global  |d vLex Global (Academic Edition, excluding Law Schools)  |d vLex Global (U.S. Academic Edition, Law Schools)  |d vLex Global (U.S. Academic Edition, excluding Law Schools)  |d vLex Global (Academic Edition, Law Schools) 
650 0 4 |a Derecho Pb︢lico y Administrativo  |z India 
740 0 |a vLex Libros (Servicio en ln̕ea) 
856 4 0 |u http://vlex.com/source/29459  |z Acceso restringido 
942 |c BOOK 
999 0 |a Public and Administrative Law